| 000 | 00869nam a2200289 a 4500 | ||
|---|---|---|---|
| 003 | AR-BaBNM | ||
| 005 | 20251128204733.0 | ||
| 008 | 082120s2002 ||||||||||||||000 | spa|| | ||
| 020 | _a84-86368-960 | ||
| 040 | _cAR-BaBNM | ||
| 245 | 0 | 0 | _aIntervención e investigación psicoeducativas en alumnos superdotados |
| 260 |
_aSalamanca _bEdiciones Amarú _c1994 |
||
| 300 |
_a302 p. _bcuadros, tablas, diagr. |
||
| 490 | 0 |
_aCiencias de la Educación _vv. 32 |
|
| 500 | _aContiene índice de autores que colaboraron en el texto en p. 9-10 | ||
| 650 | 4 | _aALUMNOS SUPERDOTADOS | |
| 650 | 4 | _aAPRENDIZAJE | |
| 650 | 4 | _aCREATIVIDAD | |
| 650 | 4 | _aEVALUACION | |
| 650 | 4 | _aDESARROLLO MENTAL | |
| 650 | 4 | _aPSICOLOGIA DEL DESARROLLO | |
| 650 | 4 | _aESTIMULO | |
| 650 | 4 | _aINTELIGENCIA | |
| 700 | 1 |
_aBenito Mate, Yolanda _ecoordinador |
|
| 942 | _cBK | ||
| 998 | _cGLORIA | ||
| 999 |
_c8624 _d8624 |
||